000 05969cam a22019454i 4500
003 PE-LiUPU
005 20250813165937.0
008 140311s2012 ck a r 0 spa
020 _a9789587620467
035 _a(Sirsi) i9789587620467
035 _a(Sirsi) 51929
035 _a(Sirsi) 51929
082 0 4 _a658.408
_bC29
082 0 4 _a658.408
_bC29 2012
100 1 _aCastillo Grancha, Elvira,
_eautor.
245 1 0 _aSistemas de gestión medioambiental :
_bauditor ISO 14001 /
_cElvira Castillo Grancha.
250 _aPrimera edición.
264 1 _aBogot́á :
_bEdiciones de la U,
_c2012
300 _a126 páginas ;
_b24 centímetros.
490 0 _aMedioambiental
505 0 _aLa gestión medioambiental en la empresa -- Normas de la serie ISO 14000 y motivos para emplantar sistema de gestión medioambiental -- Identificación de aspectos con impacto medioambiental -- Evaluación final.
526 _aP203
526 _aP200
526 _aSEG65
526 _aSEG64
526 _aSEG63
526 _aSEG62
526 _aSEG61
526 _aSEG60
526 _aSEG59
526 _aSEG58
526 _aSEG57
526 _aSEG56
526 _aSEG55
526 _aSEG54
526 _aSEG53
526 _aSEG52
526 _aSEG51
526 _aSEG50
526 _aSEG49
526 _aSEG48
526 _aSEG47
526 _aSEG46
526 _aSEG24
526 _aSEG23
526 _aSEG22
526 _aSEG21
526 _aSEG20
526 _aSEG19
526 _aSEG18
526 _aSEG17
526 _aSEG16
526 _aSEG14
526 _aSEG13
526 _aSEG12
526 _aSEG11
526 _aSEG10
526 _aSEG09
526 _aSEG06
526 _aSEG05
526 _aSEG04
526 _aSEG03
526 _aSEG02
526 _aSEG68
526 _aSEG66
526 _aSEG45
526 _aSEG25
526 _aSEG01
526 _aP163
526 _aP162
526 _aP161
526 _aP160
526 _aP159
526 _aP158
526 _aP157
526 _aP156
526 _aP155
526 _aP154
526 _aP153
526 _aP152
526 _aP151
526 _aP150
526 _aP149
526 _aP142
526 _aP141
526 _aP140
526 _aP139
526 _aP138
526 _aP137
526 _aP132
526 _aP131
526 _aP130
526 _aP126
526 _aP125
526 _aP124
526 _aP123
526 _aP115
526 _aP122
526 _aP121
526 _aP116
526 _a P114
526 _aP112
526 _aP111
526 _aP104
526 _aP103
526 _aP102
526 _aP101
526 _aP100
526 _aP96
526 _aP95
526 _aP93
526 _aP92
526 _aP91
526 _aP88
526 _aP83
526 _aP82
526 _aP79
526 _aP78
526 _aP75
526 _aP74
526 _aP71
526 _aP69
526 _a P51
526 _aP49
526 _aP48
526 _aP47
526 _aP33
526 _aP31
526 _a P30
526 _aP29
526 _aP27
526 _aP26
526 _aP25
526 _aP24
526 _a P22
526 _aP10
526 _aP09
526 _a P08
526 _aP06
526 _aP05
526 _aP04
526 _aP01
650 0 4 _aGestión ambiental.
_9485
650 0 4 _aAuditoría ambiental.
650 0 4 _aProtección ambiental
_vNormas.
650 0 4 _aNormas ISO 14001.
859 _q69252
910 _agl20131125
942 _2ddc
_cBOOK
949 _i69252
_lCCODEBUL1
_mBUL
_tLIBRO
_o.STAFF. Colección General
949 _a658.408 C29 2012
_wDEWEY
_c1
_iFJ00424
_lCCODEBUJ1
_mBUJ
_p30.00
_r0
_sY
_tBOOK
_u2017-12-05
_xINGENIERIA
_PP24
_0COMPRA
_o.STAFF. Colección General Juliaca
949 _a658.408 C29 2012
_wDEWEY
_c2
_iFJ00434
_lCCODEBUJ1
_mBUJ
_p30.00
_r0
_sY
_tBOOK
_u2017-12-05
_xINGENIERIA
_PP24
_0COMPRA
_o.STAFF. Colección General Juliaca
949 _a658.408 C29 2012
_wDEWEY
_c3
_iFJ01249
_lCCODEBUJ1
_mBUJ
_p30.00
_r0
_sY
_tBOOK
_u2017-12-05
_xINGENIERIA
_PP24
_0COMPRA
_o.STAFF. Colección General Juliaca
949 _a658.408 C29 2012
_wDEWEY
_c4
_iFJ09879
_lCCODEBUJ1
_mBUJ
_p30.00
_r0
_sY
_tBOOK
_u2017-12-05
_xINGENIERIA
_PP24
_0COMPRA
_o.STAFF. Colección General Juliaca
596 _a1 3
999 _aPGEN 613.62 I77
_wDEWEY
_c55758
_i68358
_d55758
_f2019-2-21
_g3
_lREPAIR
_mBUL
_p126.00
_q1
_r0
_sY
_tBOOK
_u2015-7-6
_xSALUD
_PP69
_0COMPRA
_o.CIRCNOTE. No olvidar cambiar la fecha de devolución!!!!!!!
_o.STAFF. Colección General
999 _a658.408 C29
_wDEWEY
_c1
_i69252
_f2021-11-9
_g7
_lCCODEBUL1
_mBUL
_p18.00
_r0
_sY
_tBOOK
_u2015-7-6
_xINGENIERIA
_PP24
_0COMPRA
_o.CIRCNOTE.
_o.STAFF. Colección General
999 _a658.408 C29
_wDEWEY
_c2
_i72261
_d2019-3-20
_e2019-3-20
_f2021-11-9
_g7
_lCCODEBUL1
_mBUL
_n2
_p14.05
_r0
_sY
_tBOOK
_u2016-1-7
_xINGENIERIA
_PP24
_0COMPRA
_o.STAFF. Colección General
999 _a658.408 C29 2012
_wDEWEY
_c1
_iFJ00424
_d2017-11-27
_e2017-11-24
_f2022-2-1
_g4
_lCCODEBUJ1
_mBUJ
_n1
_p30.00
_r0
_sY
_tBOOK
_u2016-6-28
_xINGENIERIA
_PP24
_0COMPRA
_o.STAFF. Colección General Juliaca
999 _a658.408 C29 2012
_wDEWEY
_c2
_iFJ00434
_f2022-2-1
_g4
_lCCODEBUJ1
_mBUJ
_p30.00
_r0
_sY
_tBOOK
_u2016-6-28
_xINGENIERIA
_PP24
_0COMPRA
_o.STAFF. Colección General Juliaca
999 _a658.408 C29 2012
_wDEWEY
_c3
_iFJ01249
_d2019-8-26
_e2019-8-21
_f2022-2-1
_g5
_lCCODEBUJ1
_mBUJ
_n5
_p30.00
_q6
_r0
_sY
_tBOOK
_u2016-7-25
_xINGENIERIA
_PP24
_0COMPRA
_o.STAFF. Colección General Juliaca
999 _a658.408 C29 2012
_wDEWEY
_c4
_iFJ09879
_f2022-2-1
_g4
_lCCODEBUJ1
_mBUJ
_p30.00
_r0
_sY
_tBOOK
_u2018-1-10
_xINGENIERIA
_PP24
_0COMPRA
_o.STAFF. Colección General Juliaca
980 _81
_gALBERTO SANCHEZ Responsable de Automatización